Diseño de mini acueducto por bombeo eléctrico MABE en la comunidad de Santa Teresa, municipio de Condega, departamento de Managua

Presenta el diseño de mini acueducto por bombeo eléctrico MABE en la comunidad de Santa Teresa ubicada entre la micro cuencas del Rio El Peñasco y la mojada de la zona de Pive del municipio de Condega, incluye estudio socioeconómico, estudio topográfico, estudio hidrológico, diseño del sistem...

Full description

Bibliographic Details
Main Authors: Montenegro Casco, Judith Fidelia, Latino Centeno, Judith Elioska
Other Authors: Tutor: Loaísiga, Henry Eduardo
Format: Tesis Section = Libro
Language:Undetermined
Spanish
Published: Managua UNI 2012
Subjects:
LEADER 01238nam a2200253Ia 4500
008 240830s9999 xx 000 0 und d
040 |a BIBLIOTECA-RUPAP Mon 628.1 M777 
041 |a spa 
082 |a Mon 628.1 M777 
100 1 |a Montenegro Casco, Judith Fidelia 
100 1 |b Latino Centeno, Judith Elioska 
245 1 0 |a Diseño de mini acueducto por bombeo eléctrico MABE en la comunidad de Santa Teresa, municipio de Condega, departamento de Managua 
260 |a Managua  |b UNI  |c 2012 
300 |a 169 p. :il. 
500 |a Contiene: anexos. 
502 |a Tesis (Ingeniero Civil)- UNI, 2012. 
520 3 |a Presenta el diseño de mini acueducto por bombeo eléctrico MABE en la comunidad de Santa Teresa ubicada entre la micro cuencas del Rio El Peñasco y la mojada de la zona de Pive del municipio de Condega, incluye estudio socioeconómico, estudio topográfico, estudio hidrológico, diseño del sistema por bombeo eléctrico y la estimación de costos para la construcción de la obra. 
650 7 |a ABASTECIMIETNO DE AGUA 
650 7 |b SISTEMA DE DISTRIBUCIÓN - AGUA POTABLE 
650 7 |c BOMBA DE AGUA - ARIETE. 
700 1 |a Tutor:  |b Loaísiga, Henry Eduardo 
942 |c BK  |2 ddc 
991 |a TESIS 
999 |c 16234